All cities of Afganistan - Statistics

General Stats
  • This quiz has been taken 14 times
  • The average score is 4 of 12
Answer Stats
Region City % Correct
Capital Kabul
100%
Herat Province Herat
83%
Kandahar Province Kandahar
58%
Kunduz Province Kunduz
50%
Ghazni Province Ghazni
25%
Balkh Province Mazar-i-Sharif
25%
Nangarhar Province Jalalabad
17%
Parwan Province Charikar
0%
Helmand Provincу Lashkargah
0%
Baghlan Province Puli Khumri
0%
Jowzjan Province Sheberghan
0%
Takhar Province Taloqan
0%
No matching quizzes found
Score Distribution
Percent of People with Each Score
Percentile by Number Answered
Your Score History
You have not taken this quiz